<?xml version="1.0" encoding="UTF-8"?>
<record
    xmlns:xsi="http://www.w3.org/2001/XMLSchema-instance"
    xsi:schemaLocation="http://www.loc.gov/MARC21/slim http://www.loc.gov/standards/marcxml/schema/MARC21slim.xsd"
    xmlns="http://www.loc.gov/MARC21/slim">

  <leader>01880nam a2200349 a 4500</leader>
  <controlfield tag="001">BRCA_5112</controlfield>
  <controlfield tag="005">20190320204938.0</controlfield>
  <controlfield tag="008">191110s1861----mx-######v---#000-0#spa-#</controlfield>
  <datafield tag="041" ind1=" " ind2=" ">
    <subfield code="a">spa</subfield>
  </datafield>
  <datafield tag="044" ind1=" " ind2=" ">
    <subfield code="a">mx</subfield>
  </datafield>
  <datafield tag="084" ind1=" " ind2=" ">
    <subfield code="a">DOC111</subfield>
    <subfield code="b">.J83</subfield>
    <subfield code="c">1861</subfield>
  </datafield>
  <datafield tag="100" ind1="1" ind2=" ">
    <subfield code="a">Ju&#xE1;rez, Benito</subfield>
    <subfield code="d">1806-1872</subfield>
    <subfield code="9">4845</subfield>
  </datafield>
  <datafield tag="245" ind1="1" ind2="0">
    <subfield code="a">Documento firmado por Don Benito Ju&#xE1;rez y Don [Ignacio Manuel Altamirano] dirigido a Don Eduardo de Goroztiza</subfield>
    <subfield code="c">Benito Ju&#xE1;rez ; [Ignacio Manuel Altamirano] ; Eduardo de Goroztiza.</subfield>
  </datafield>
  <datafield tag="260" ind1=" " ind2=" ">
    <subfield code="a">M&#xE9;xico</subfield>
    <subfield code="c">1861</subfield>
  </datafield>
  <datafield tag="300" ind1=" " ind2=" ">
    <subfield code="a">[3] fojas</subfield>
    <subfield code="c">42 x 28 cm.</subfield>
  </datafield>
  <datafield tag="500" ind1=" " ind2=" ">
    <subfield code="a">Documento firmado en Palacio Nacional el 7 de abril de 1861.</subfield>
  </datafield>
  <datafield tag="500" ind1=" " ind2=" ">
    <subfield code="a">Documento firmado por [Manuel Altamirano] y Benito Ju&#xE1;rez, Presidente Interino Constitucional de la Rep&#xFA;blica, confiriendo el empleo de Jefe de la Secci&#xF3;n de Am&#xE9;rica del Ministerio de Relaciones Exteriores y Gobernaci&#xF3;n al C. Eduardo de Goroztiza.</subfield>
  </datafield>
  <datafield tag="500" ind1=" " ind2=" ">
    <subfield code="a">Contiene escudo nacional mexicano y lema: &#xB4;Primera CLASE. Sello Tercero. 8 Pesos. A&#xD1;OS DE MIL OCHOCIENTOS SESENTA Y SESENTA Y UNO&#xB4;.</subfield>
  </datafield>
  <datafield tag="500" ind1=" " ind2=" ">
    <subfield code="a">Contiene restos de sello de placa con el escudo nacional mexicano al margen inferior izquierdo.</subfield>
  </datafield>
  <datafield tag="500" ind1=" " ind2=" ">
    <subfield code="a">Documento firmado por [Ignacio Manuel Altamirano] bajo el seudonimo de &#xB4;Zarco&#xB4;.</subfield>
  </datafield>
  <datafield tag="500" ind1=" " ind2=" ">
    <subfield code="a">El documento contiene la leyenda DOC. #275.</subfield>
  </datafield>
  <datafield tag="500" ind1=" " ind2=" ">
    <subfield code="a">Papel con marca de agua.</subfield>
  </datafield>
  <datafield tag="506" ind1="0" ind2=" ">
    <subfield code="a">Fondo Reservado. Para su consulta es necesario credencial de usuario y carta de motivos.</subfield>
  </datafield>
  <datafield tag="546" ind1=" " ind2=" ">
    <subfield code="a">Texto en: espa&#xF1;ol de mediados del siglo XIX.</subfield>
  </datafield>
  <datafield tag="600" ind1="1" ind2="4">
    <subfield code="a">Ju&#xE1;rez, Benito</subfield>
    <subfield code="d">1806-1872</subfield>
    <subfield code="x">Historia</subfield>
    <subfield code="9">13040</subfield>
  </datafield>
  <datafield tag="650" ind1="1" ind2="4">
    <subfield code="a">Documentos legales</subfield>
    <subfield code="v">Impresos</subfield>
    <subfield code="x">Historia</subfield>
    <subfield code="9">13041</subfield>
  </datafield>
  <datafield tag="651" ind1=" " ind2="4">
    <subfield code="a">M&#xE9;xico</subfield>
    <subfield code="x">Historia</subfield>
    <subfield code="y">Constituci&#xF3;n y reforma, 1855-1863</subfield>
    <subfield code="9">13042</subfield>
  </datafield>
  <datafield tag="700" ind1="1" ind2=" ">
    <subfield code="a">Altamirano, Ignacio Manuel</subfield>
    <subfield code="c">Zarco</subfield>
    <subfield code="d">1834-1839</subfield>
    <subfield code="9">13043</subfield>
  </datafield>
  <datafield tag="700" ind1="1" ind2=" ">
    <subfield code="a">Goroztiza Eduardo</subfield>
    <subfield code="d">1815-?</subfield>
    <subfield code="9">13044</subfield>
  </datafield>
  <datafield tag="902" ind1=" " ind2=" ">
    <subfield code="a">FDH</subfield>
  </datafield>
  <datafield tag="942" ind1=" " ind2=" ">
    <subfield code="2">lcc</subfield>
    <subfield code="c">D</subfield>
  </datafield>
  <datafield tag="999" ind1=" " ind2=" ">
    <subfield code="c">4806</subfield>
    <subfield code="d">4806</subfield>
  </datafield>
  <datafield tag="952" ind1=" " ind2=" ">
    <subfield code="0">0</subfield>
    <subfield code="1">0</subfield>
    <subfield code="4">0</subfield>
    <subfield code="7">0</subfield>
    <subfield code="a">BRCA</subfield>
    <subfield code="b">BRCA</subfield>
    <subfield code="d">2010-11-19</subfield>
    <subfield code="l">0</subfield>
    <subfield code="o">DOC111 .J83 1861</subfield>
    <subfield code="p">5338</subfield>
    <subfield code="r">2019-03-22 00:00:00</subfield>
    <subfield code="w">2019-03-22</subfield>
    <subfield code="y">D</subfield>
  </datafield>
</record>
